The passion of Claude McKay; selected poetry and prose, 1912-1948.

Saved in:
Bibliographic Details
Main Author: McKay, Claude, 1890-1948
Format: Book
Language:English
Published: New York, Schocken Books [1973]
Series:Sourcebooks in Negro history
LEADER 00945nam a2200241 4500
001 c000039684
003 CARM
005 00000000000000.0
008 731121s1973 nyua b 00110 eng
019 1 |a 597545  |5 LACONCORD2021 
020 |a 0805234985 
035 |a (OCoLC)762270  |5 LACONCORD2021 
050 0 0 |a PS3525.A24785  |b A6 1973 
100 1 |a McKay, Claude,  |d 1890-1948. 
245 1 4 |a The passion of Claude McKay;  |b selected poetry and prose, 1912-1948.  |c Edited with an introd. and notes by Wayne F. Cooper. 
260 |a New York,  |b Schocken Books  |c [1973] 
300 |a vii, 363 p.  |b illus.  |c 22 cm. 
440 |a Sourcebooks in Negro history 
504 |a Bibliography: p. [349]-358. 
852 8 |b CARM  |h A2:AE30B0  |i B00720  |p 0037097  |f BK 
082 0 4 |a 818/.5/209 
999 f f |i 8281b3cd-b192-5566-8499-1c3ad9d34f13  |s 26f53ae8-8f21-560c-af10-37817eb2f738 
952 f f |p Can circulate  |a CAVAL  |b CAVAL  |c CAVAL  |d CARM 1 Store  |e B00720  |f A2:AE30B0  |h Other scheme  |i book  |m 0037097